| 000 | 01104nam a2200265Ia 4500 | ||
|---|---|---|---|
| 999 |
_c6708 _d6708 |
||
| 003 | OSt | ||
| 005 | 20200605115655.0 | ||
| 008 | 191128s2017 mx ad gr 000 0 spa d | ||
| 020 | _a9786073222860 | ||
| 040 |
_aCO-JMCR _cCO-JMCR |
||
| 041 | 0 | _aspa | |
| 082 | 0 | 4 |
_a330.1 / _bG718i _223 |
| 100 | 1 |
_aGraue Russek, Ana Luisa, _eautora _94992 |
|
| 245 | 1 | 0 |
_aIntroducción a la economía / _cAna Luisa Grau Russek |
| 250 | _aPrimera edición | ||
| 260 |
_aMéxico : _bPearson Educación de México, _c2014 |
||
| 300 |
_axii, 548 páginas : _bgráficos a blanco y negro, tablas, fotografías ; _c27 cm. |
||
| 300 | _b | ||
| 300 | _c 27 cm | ||
| 505 | _aPensamiento económico -- Introducción a la teoría microeconómica -- Macroeconomía | ||
| 520 | _aEste libro introduce al lector en el mundo de la economía, partiendo de los fundamentos teóricos de la microeconomía hasta llegar a la macroeconomía, con el objetivo de que entienda el funcionamiento de los modelos económicos. | ||
| 650 | 1 | 4 |
_aTeoría económica _94993 |
| 650 | 2 | 4 |
_aEconomía _xModelos económicos _94994 |
| 942 |
_2ddc _cBK |
||